Marmaduke Pickthall : Islam and the modern world /

This new volume of essays marks eighty years since the death of Marmaduke Pickthall. His various roles as translator of the Qur'an, traveller to the Near East, political journalist writing on behalf of Muslim Turkey, and creator of the Muslim novel are discussed. In later life Pickthall became...

Full description

Bibliographic Details
Corporate Author: JSTOR (Organization)
Other Authors: Nash, Geoffrey (Editor)
Format: eBook
Language:English
Language Notes:Eng.
Published: Leiden ; Boston : Brill, [2017]
Series:Muslim minorities ; v. 21.
Subjects:
Online Access:Connect to the full text of this electronic book

MARC

Tag First Indicator Second Indicator Subfields
LEADER 00000cam a2200000 i 4500
001 in00004635131
006 m o d
007 cr |||||||||||
008 160728s2017 ne ob 001 0deng
005 20230103223409.9
010 |a  2020715084 
035 |a (OCoLC)ocn984347118 
040 |a DLC  |b eng  |e pn  |e rda  |c DLC  |d ORE  |d UIU  |d UAB  |d IOG  |d JSTOR  |d IAA  |d LOA  |d LND  |d ELW  |d MERER  |d VT2  |d ICG  |d U3W  |d VTS  |d ICN  |d ERL  |d WYU  |d TXR  |d LEAUB  |d CNTRU  |d NJT  |d AUD  |d COO  |d OCLCF  |d OAPEN  |d UKKNU  |d KF5  |d CEF  |d BIBBD  |d ZQP  |d UPM  |d DKC  |d VGM  |d HS0  |d EQF  |d UWK  |d HDC  |d OCLCO  |d OCLCQ  |d OCLCO 
019 |a 987449683  |a 1023561648  |a 1044511729  |a 1164911574  |a 1165981186  |a 1166195726  |a 1166212800  |a 1167410108 
020 |z 9789004327580  |q hardback : alk. paper 
020 |a 9789004327597  |q (electronic bk.) 
020 |a 9004327592  |q (electronic bk.) 
020 |z 9004327584  |q (hardback ;  |q alk. paper) 
024 8 |a 40026721053 
024 7 |a 10.1163/9789004327597.  |2 doi 
035 |a (OCoLC)984347118  |z (OCoLC)987449683  |z (OCoLC)1023561648  |z (OCoLC)1044511729  |z (OCoLC)1164911574  |z (OCoLC)1165981186  |z (OCoLC)1166195726  |z (OCoLC)1166212800  |z (OCoLC)1167410108 
037 |a 22573/ctt1w7185x  |b JSTOR 
043 |a e-uk--- 
050 0 0 |a BP80.P53 
072 7 |a SOC048000  |2 bisacsh 
072 7 |a JFSR2.  |2 bicssc 
082 0 0 |a 297.092  |a B  |2 23 
049 |a TXAM 
245 0 0 |a Marmaduke Pickthall :  |b Islam and the modern world /  |c edited by Geoffrey P. Nash. 
264 1 |a Leiden ;  |a Boston :  |b Brill,  |c [2017] 
300 |a 1 online resource(xiv, 254 pages). 
336 |a text  |b txt  |2 rdacontent 
337 |a computer  |b c  |2 rdamedia 
338 |a online resource  |b cr  |2 rdacarrier 
347 |a data file 
490 1 |a Muslim minorities ;  |v volume 21 
504 |a Includes bibliographical references and index. 
588 |a Description based on print version record; resource not viewed. 
505 0 |a Introduction : Pickthall, Islam and the modern world / Geoffrey P. Nash -- Pickthall, Muslims of South Asia, and the British Muslim community of the early 1900s / K. Humayun Ansari -- Marmaduke Pickthall and the British Muslim convert community / Jamie Gilham -- Abdullah Quilliam (Henri de Léon) and Marmaduke Pickthall : agreements and disagreements between two prominent Muslims in the London and woking communities / Ron Geaves -- Pickthall's anti-Ottoman dissent : the politics of religious conversion / Mohammad Siddique Seddon -- Pickthall's Islamic politics / M.A. Sherif -- Pickthall, Ottomanism, and modern Turkey / Geoffrey P. Nash -- Oriental eyes, or seeing and being seen : popular culture and the Near Eastern fiction of Marmaduke Pickthall / Andrew C. Long -- A vehicle for the sacred : Marmaduke Pickthall's Near Eastern novels / Adnan Ashraf -- Becoming woman and gender typologies in Marmaduke Pickthall's oriental fiction / Faruk Kökoğlu -- "Throwing off the European" : Marmaduke Pickthall's travels in Arabia 1894-96 / James Canton -- Muhammad Marmaduke Pickthall's English translation of the Quran (1930) : an assessment -- A.R. Kidwai. 
520 8 |a This new volume of essays marks eighty years since the death of Marmaduke Pickthall. His various roles as translator of the Qur'an, traveller to the Near East, political journalist writing on behalf of Muslim Turkey, and creator of the Muslim novel are discussed. In later life Pickthall became a prominent member of the British Muslim community in London and Woking, co-worker with Muslims in the Indian subcontinent, supporter of the Khilafat movement, and editor of the journal 'Islamic Culture' under the patronage of the Nizam of Hyderabad. 'Marmaduke Pickthall: Islam and the Modern World' makes an important contribution to the field of Muslims in Europe in the first half of the twentieth century. 
542 1 |f This work is licensed by Knowledge Unlatched under a Creative Commons license  |u https://creativecommons.org/licenses/by-nc/4.0/legalcode 
546 |a Eng. 
600 1 0 |a Pickthall, Marmaduke,  |d 1875-1936. 
600 1 7 |a Pickthall, Marmaduke,  |d 1875-1936  |2 fast  |0 (OCoLC)fst00006377 
600 1 7 |a Pickthall, Marmaduke William,  |d 1875-1936.  |2 gnd  |0 (DE-588)131553949 
650 0 |a Authors, English  |y 20th century  |v Biography. 
650 0 |a Muslims  |z Great Britain  |v Biography. 
650 6 |a Écrivains anglais  |y 20e siècle  |v Biographies. 
650 6 |a Musulmans  |z Grande-Bretagne  |v Biographies. 
650 7 |a SOCIAL SCIENCE  |x Islamic Studies.  |2 bisacsh 
650 7 |a Authors, English.  |2 fast  |0 (OCoLC)fst00821945 
650 7 |a Muslims.  |2 fast  |0 (OCoLC)fst01031029 
651 7 |a Great Britain.  |2 fast  |0 (OCoLC)fst01204623 
650 7 |a Islam  |2 gnd 
648 7 |a 1900-1999  |2 fast 
655 7 |a Electronic books.  |2 local 
655 2 |a Biography 
655 7 |a Biographies.  |2 fast  |0 (OCoLC)fst01919896 
655 7 |a Biographies.  |2 lcgft 
655 7 |a Biographies.  |2 rvmgf 
700 1 |a Nash, Geoffrey,  |e editor. 
710 2 |a JSTOR (Organization) 
776 0 8 |i Print version:  |t Marmaduke Pickthall  |d Leiden ; Brill, [2017]  |z 9789004327580 (hardback : alk. paper)  |w (DLC) 2016034180 
830 0 |a Muslim minorities ;  |v v. 21. 
856 4 0 |u https://www.jstor.org/stable/10.1163/j.ctt1w76wrn  |z Connect to the full text of this electronic book  |t 0 
955 |a JSTOR Open Access ebooks 
994 |a 92  |b TXA 
999 f f |s f51e3ce6-a669-49d9-9e68-5b3d6f73de2a  |i 472b0c02-d7e5-42b9-a4a2-f9d7ca801691  |t 0 
952 f f |a Texas A&M University  |b College Station  |c Electronic Resources  |d Available Online  |t 0  |e BP80.P53   |h Library of Congress classification 
998 f f |a BP80.P53   |t 0  |l Available Online